La culpa de Bélgica (Record no. 75664)

MARC details
000 -LEADER
campo de control de longitud fija 00607nam a2200193 i 4500
001 - NÚMERO DE CONTROL
campo de control 75664
003 - IDENTIFICADOR DE NÚMERO DE CONTROL
campo de control ES-MaACL
005 - FECHA Y HORA DE LA ÚLTIMA TRANSACCIÓN
campo de control 20230906172536.0
007 - CAMPO FIJO DE DESCRIPCIÓN FÍSICA--INFORMACIÓN GENERAL
campo de control de longitud fija t|
008 - DATOS DE LONGITUD FIJA--INFORMACIÓN GENERAL
campo de control de longitud fija 040927s1915 sp ||||1| spa d
100 1# - ENTRADA PRINCIPAL--NOMBRE DE PERSONA
Nombre de persona Grasshof, Richard.
9 (RLIN) 59704
245 13 - MENCIÓN DEL TÍTULO
Título La culpa de Bélgica
Resto del título : contestación al profesor Waxweiler /
Mención de responsabilidad, etc. Richard Grasshof.
260 ## - PUBLICACIÓN, DISTRIBUCIÓN, ETC.
Lugar de publicación, distribución, etc. [Barcelona :
Nombre del editor, distribuidor, etc. s.n.,
Fecha de publicación, distribución, etc. 1915] (
Fabricante Imp. Moderna)
300 ## - DESCRIPCIÓN FÍSICA
Extensión 45 p. ;
Dimensiones 18 cm.
650 04 - PUNTO DE ACCESO ADICIONAL DE MATERIA--TÉRMINO DE MATERIA
Término de materia o nombre geográfico como elemento de entrada Neutralidad-
Subdivisión geográfica Bélgica.
9 (RLIN) 15536
650 #4 - PUNTO DE ACCESO ADICIONAL DE MATERIA--TÉRMINO DE MATERIA
Término de materia o nombre geográfico como elemento de entrada Guerra mundial, 1914-1918-
Subdivisión geográfica Bélgica.
9 (RLIN) 158946
852 ## - LOCALIZACIÓN
Ubicación ES-MaACL
Número de control de estantería 1489-F-16
852 ## - LOCALIZACIÓN
Ubicación ES-MaACL
Número de control de estantería 1497-F-6
Holdings
Estatus retirado Estado de pérdida Estado de daño No para préstamo Colección Biblioteca de origen Biblioteca actual Ubicación en estantería Fecha de adquisición Fuente de adquisición Total de préstamos Signatura topográfica completa Código de barras Visto por última vez Precio de reemplazo Tipo de ítem Koha
        Colección de folletos Biblioteca del Ateneo de Madrid Biblioteca del Ateneo de Madrid Depósito folletos 17/01/2008     1497-F-6 1079195 23/02/2023 23/02/2023 Folleto
        Colección de folletos Biblioteca del Ateneo de Madrid Biblioteca del Ateneo de Madrid Depósito folletos 17/01/2008     1489-F-16 1079194 23/02/2023 23/02/2023 Folleto